Psychology: (Record no. 6327)

MARC details
000 -LEADER
fixed length control field 00556nam a22002057a 4500
003 - CONTROL NUMBER IDENTIFIER
control field OSt
005 - DATE AND TIME OF LATEST TRANSACTION
control field 20190918143643.0
008 - FIXED-LENGTH DATA ELEMENTS--GENERAL INFORMATION
fixed length control field 190918b ||||| |||| 00| 0 eng d
020 ## - INTERNATIONAL STANDARD BOOK NUMBER
International Standard Book Number 0130982636
040 ## - CATALOGING SOURCE
Transcribing agency DDC.
082 ## - DEWEY DECIMAL CLASSIFICATION NUMBER
Classification number 150WAD 2003
100 ## - MAIN ENTRY--PERSONAL NAME
Personal name Wade,Carole;Tavris,carol;
9 (RLIN) 12952
245 ## - TITLE STATEMENT
Title Psychology:
250 ## - EDITION STATEMENT
Edition statement 7th ed.
260 ## - PUBLICATION, DISTRIBUTION, ETC. (IMPRINT)
Place of publication, distribution, etc. New Jersey.
Name of publisher, distributor, etc. Prentice Hall;
Date of publication, distribution, etc. 2003.
300 ## - PHYSICAL DESCRIPTION
Extent xxxi,766p;
Other physical details col,ill;
Dimensions 26cm.
504 ## - BIBLIOGRAPHY, ETC. NOTE
Bibliography, etc Glossary, Bibliography ,credits and index are included.
650 ## - SUBJECT ADDED ENTRY--TOPICAL TERM
Topical term or geographic name as entry element Psychology.
9 (RLIN) 31
942 ## - ADDED ENTRY ELEMENTS (KOHA)
Source of classification or shelving scheme Dewey Decimal Classification
Koha item type Open Shelf
Holdings
Withdrawn status Lost status Source of classification or shelving scheme Damaged status Not for loan Home library Current library Date acquired Source of acquisition Inventory number Total Checkouts Full call number Barcode Date last seen Koha item type
    Dewey Decimal Classification     MUST Main Library MUST Main Library 18/09/2019 Purchase 04/20885   150WAD 2003 2019-0452 18/09/2019 Open Shelf
    Dewey Decimal Classification     MUST Main Library MUST Main Library 18/09/2019 Purchase 05/23464   150WAD 2003 2019-0453 18/09/2019 Open Shelf
    Dewey Decimal Classification     MUST Main Library MUST Main Library 18/09/2019 Purchase 04/22825   150WAD 2003 2019-0454 18/09/2019 Open Shelf
    Dewey Decimal Classification     MUST Main Library MUST Main Library 18/09/2019 Purchase 04/20886   150WAD 2003 2019-0455 18/09/2019 Open Shelf
    Dewey Decimal Classification     MUST Main Library MUST Main Library 18/09/2019 Purchase 04/20887   150WAD 2003 2019-0456 18/09/2019 Open Shelf